000 00442nam a22001697a 4500
003 CEME
005 20210628202009.0
008 210223b xxu||||| |||| 00| 0 eng d
020 _a81-7648-281-1
040 _c.
082 _a004.03 ENC
245 _aEncyclopaedia of computer science vol-1
260 _aNEW DELHI
_bA.P.H PUBLISHER
_c2002
300 _a194P
650 _aCOMPUTER FUNDAMENTALS INTERNET BASICS
_957794
942 _cBK
_2ddc
999 _c568048
_d568048